[Event "V4 OPEN - International Championship of Slovakia 2
[Site "Banska Stiavnica"]
[Date "2013.07.12"]
[Round "7"]
[Board "49"]
[White "Haring, Filip"]
[Black "Fiala, Jan"]
[Result "1/2-1/2"]
[WhiteElo "1742"]
[BlackElo "2055"]
[PlyCount "155"]
[EventDate "2013.07.06"]
[EventRounds "9"]
[EventCountry "SVK"]

1. e4 e5 2. Nc3 Nc6 3. Bc4 Nf6 4. d3 Be7 5. f4 d6 6. Nf3 O-O 7. O-O Be6 8. Bb3
Bxb3 9. axb3 Qd7 10. Ne2 a6 11. h3 h6 12. Ng3 Nh7 13. Nf5 Bf6 14. fxe5 dxe5 15.
Be3 Ne7 16. N3h4 Ng6 17. Qg4 Qe8 18. Bc5 Nxh4 19. Nxh4 Be7 20. Bxe7 Qxe7 21.
Nf5 Qg5 22. Qxg5 Nxg5 23. Ne7+ Kh7 24. Nd5 c6 25. Nb6 Rad8 26. Rf5 f6 27. Raf1
Ne6 28. R5f2 Kg8 29. Nc4 Rfe8 30. Kh2 Rd4 31. Ne3 Rd7 32. Ng4 Nd4 33. Ne3 Kf7
34. Nf5 Nxf5 35. Rxf5 Ke6 36. g4 Rf7 37. h4 g6 38. R5f2 Ref8 39. Kg3 Ke7 40.
Rf3 Ke6 41. R3f2 c5 42. Rf3 f5 43. gxf5+ gxf5 44. exf5+ Rxf5 45. Rxf5 Rxf5 46.
Rc1 Rf4 47. Ra1 h5 48. Re1 Rg4+ 49. Kh3 a5 50. Ra1 b6 51. Rf1 Rg8 52. Kh2 b5
53. Ra1 Rg4 54. Kh3 a4 55. bxa4 Rxa4 56. Rg1 Ra2 57. Rb1 Kd5 58. Kg3 Kd4 59.
Kf3 b4 60. Ke2 e4 61. dxe4 Kxe4 62. Kd2 Kf4 63. c3 Kg4 64. cxb4 cxb4 65. Kc2
Kxh4 66. Kb3 Ra8 67. Kxb4 Kg3 68. Kc5 Rc8+ 69. Kd6 h4 70. b4 h3 71. Rb3+ Kg2
72. b5 Rf8 73. Rxh3 Kxh3 74. b6 Kg4 75. b7 Kf5 76. Kc7 Rf7+ 77. Kc8 Rxb7 78.
Kxb7 1/2-1/2

[Event "V4 OPEN - International Championship of Slovakia 2
[Site "Banska Stiavnica"]
[Date "2013.07.12"]
[Round "7"]
[Board "50"]
[White "Harvan, Richard"]
[Black "Istok, Vojtech"]
[Result "1-0"]
[WhiteElo "2054"]
[BlackElo "1952"]
[PlyCount "69"]
[EventDate "2013.07.06"]
[EventRounds "9"]
[EventCountry "SVK"]

1. e4 c6 2. d4 d5 3. e5 Bf5 4. Be3 e6 5. Nd2 Qb6 6. b3 Ba3 7. Ngf3 Na6 8. Bxa6
Qxa6 9. Nh4 Ne7 10. g4 Bg6 11. Nxg6 Nxg6 12. c4 Nh4 13. O-O h5 14. f3 f6 15.
Qe1 hxg4 16. fxg4 fxe5 17. dxe5 Bb2 18. Rb1 Bxe5 19. Bf4 Bd4+ 20. Kh1 c5 21.
cxd5 O-O-O 22. Qxe6+ Qxe6 23. dxe6 Ng6 24. Bg3 Ne5 25. Nc4 Rd5 26. Rbe1 Nd3 27.
Rd1 b5 28. Rxd3 bxc4 29. bxc4 Rg5 30. Rxd4 cxd4 31. Rb1 Kd8 32. Bd6 Rc5 33.
Bxc5 Kc7 34. Bxd4 Re8 35. Re1 1-0

[Event "V4 OPEN - International Championship of Slovakia 2
[Site "Banska Stiavnica"]
[Date "2013.07.12"]
[Round "7"]
[Board "51"]
[White "Karas, Juraj"]
[Black "Hladik, Lumir"]
[Result "0-1"]
[WhiteElo "1732"]
[BlackElo "2045"]
[PlyCount "54"]
[EventDate "2013.07.06"]
[EventRounds "9"]
[EventCountry "SVK"]

1. e4 c6 2. d4 d5 3. e5 Bf5 4. Nf3 e6 5. h4 c5 6. c3 c4 7. h5 h6 8. Nh4 Qd7 9.
Nxf5 exf5 10. Nd2 Nc6 11. f4 O-O-O 12. Nf3 Re8 13. Nh4 Nf6 14. g3 Ne4 15. Bh3
g6 16. g4 Be7 17. Ng2 Kb8 18. gxf5 gxf5 19. Be3 Rhg8 20. Bf2 Rg7 21. Nh4 Nxf2
22. Bxf5 Nxd1 23. Bxd7 Bxh4+ 24. Rxh4 Rd8 25. Bxc6 Nxb2 26. Kf1 Rdg8 27. Rh1
bxc6 0-1

[Event "V4 OPEN - International Championship of Slovakia 2
[Site "Banska Stiavnica"]
[Date "2013.07.12"]
[Round "7"]
[Board "52"]
[White "Marczuk, Dominik"]
[Black "Jablonicky, Martin"]
[Result "1/2-1/2"]
[WhiteElo "2043"]
[BlackElo "1933"]
[PlyCount "129"]
[EventDate "2013.07.06"]
[EventRounds "9"]
[EventCountry "SVK"]

1. e4 c6 2. Nf3 g6 3. d4 d5 4. exd5 cxd5 5. c4 Bg7 6. cxd5 Nf6 7. Qb3 O-O 8.
Nc3 Nbd7 9. Bg5 Nb6 10. Bd3 Nfxd5 11. O-O Be6 12. Qa3 h6 13. Bh4 a6 14. Rfe1 g5
15. Bg3 Re8 16. Ne4 Nd7 17. Nc5 Nxc5 18. dxc5 Nb4 19. Qxb4 Qxd3 20. Be5 Qb5 21.
Qc3 f6 22. Bd4 Bf7 23. Qe3 e5 24. Bc3 Red8 25. a4 Qc4 26. Nd2 Qe6 27. Ne4 Bf8
28. h4 Bg6 29. hxg5 hxg5 30. Nxg5 fxg5 31. Bxe5 Qf5 32. Qb3+ Qf7 33. Qe3 Rd5
34. Qxg5 Bxc5 35. Qh4 Qh7 36. Qc4 Qf7 37. Qh4 Bh5 38. b4 Ba7 39. Ra3 Qxf2+ 40.
Qxf2 Bxf2+ 41. Kxf2 Rf8+ 42. Kg3 Kh7 43. Rc3 Rd2 44. Rc7+ Rf7 45. Rc8 Rff2 46.
Rh8+ Kg6 47. Kh4 Rde2 48. Rxe2 Bxe2 49. g4 Rg2 50. Rg8+ Kf7 51. Rg7+ Ke6 52.
Bd4 Kd5 53. Bc5 a5 54. Rg5+ Kc4 55. Kh3 Rxg4 56. Rxg4+ Bxg4+ 57. Kxg4 axb4 58.
Be7 Kc3 59. Kf4 b3 60. Bf6+ Kc2 61. Ke4 b2 62. Bxb2 Kxb2 63. Kd4 Kb3 64. Kc5
Kxa4 65. Kb6 1/2-1/2

[Event "V4 OPEN - International Championship of Slovakia 2
[Site "Banska Stiavnica"]
[Date "2013.07.12"]
[Round "7"]
[Board "53"]
[White "Laho, Maros"]
[Black "Michalek, Matej"]
[Result "0-1"]
[WhiteElo "2029"]
[BlackElo "1885"]
[PlyCount "56"]
[EventDate "2013.07.06"]
[EventRounds "9"]
[EventCountry "SVK"]

1. d4 Nf6 2. Nf3 g6 3. c4 Bg7 4. Nc3 O-O 5. g3 d6 6. Bg2 Nbd7 7. O-O e5 8. b3
c6 9. dxe5 Nxe5 10. Bb2 Nxf3+ 11. Bxf3 d5 12. Ba3 Re8 13. cxd5 Nxd5 14. Nxd5
cxd5 15. Rc1 Qa5 16. Bd6 Be6 17. a4 Rac8 18. Rxc8 Rxc8 19. b4 Qd8 20. Bc5 b6
21. Bd4 Bxd4 22. Qxd4 Rc4 23. Qb2 Qd6 24. b5 Rxa4 25. Ra1 Rxa1+ 26. Qxa1 Qc7
27. Kg2 Qd7 28. Qa4 a5 0-1

[Event "V4 OPEN - International Championship of Slovakia 2
[Site "Banska Stiavnica"]
[Date "2013.07.12"]
[Round "7"]
[Board "54"]
[White "Pipiska, Adam"]
[Black "Banduka, Zeljko"]
[Result "1-0"]
[WhiteElo "1676"]
[BlackElo "2168"]
[PlyCount "75"]
[EventDate "2013.07.06"]
[EventRounds "9"]
[EventCountry "SVK"]

1. e4 c5 2. Nf3 d6 3. d4 cxd4 4. Nxd4 Nf6 5. Nc3 a6 6. Bc4 e6 7. Bb3 Nbd7 8.
Qe2 Nc5 9. Be3 Qc7 10. O-O-O Be7 11. g4 b5 12. g5 Nxb3+ 13. Nxb3 Nd7 14. h4 Bb7
15. f3 b4 16. Nb1 a5 17. Nd4 a4 18. h5 Ne5 19. Qb5+ Kf8 20. Qxb4 d5 21. Qc3 Qd7
22. exd5 Bxd5 23. Nf5 f6 24. Nxe7 Kxe7 25. gxf6+ gxf6 26. Bg5 Rac8 27. Qxe5
fxg5 28. Rxd5 Qxd5 29. Qg7+ Kd6 30. Rd1 h6 31. Rxd5+ exd5 32. Qd4 Rhf8 33. Nc3
Rf4 34. Qxd5+ Ke7 35. Qe5+ Kf7 36. Nd5 Rxf3 37. Qe7+ Kg8 38. Qe6+ 1-0

[Event "V4 OPEN - International Championship of Slovakia 2
[Site "Banska Stiavnica"]
[Date "2013.07.12"]
[Round "7"]
[Board "55"]
[White "Sosovicka, Matej"]
[Black "Jancura, Andrej"]
[Result "1-0"]
[WhiteElo "2102"]
[BlackElo "1885"]
[PlyCount "97"]
[EventDate "2013.07.06"]
[EventRounds "9"]
[EventCountry "SVK"]

1. e4 c5 2. Nf3 d6 3. d4 cxd4 4. Nxd4 Nf6 5. Nc3 a6 6. Bg5 e6 7. f4 Be7 8. Qf3
Qc7 9. O-O-O Nbd7 10. g4 b5 11. Bxf6 Nxf6 12. g5 Nd7 13. f5 Bxg5+ 14. Kb1 e5
15. Nd5 Qb7 16. Qh5 Bf6 17. Ne6 Rb8 18. Ndc7+ Ke7 19. Nd5+ Ke8 20. Ng5 Nb6 21.
Nxh7 Nxd5 22. Nxf6+ Nxf6 23. Qxh8+ Ke7 24. Qxg7 Bxf5 25. Bd3 Rg8 26. Qh6 Bxe4
27. Bxe4 Qxe4 28. Rhe1 Qc6 29. a3 a5 30. Qe3 a4 31. h4 Qc4 32. Qb6 Nd5 33. Qb7+
Nc7 34. Re3 Ke6 35. Rc3 Qg4 36. Rcd3 Ne8 37. Qxb5 Qxh4 38. Qd5+ Ke7 39. Rf3 Qh5
40. Rdf1 Rf8 41. Rf5 Qg6 42. Qc4 Ng7 43. R5f3 f5 44. Qxa4 f4 45. Qa7+ Ke6 46.
Rg1 Qh5 47. Qxg7 Qxf3 48. Qxf8 Qf2 49. Qg8+ 1-0

[Event "V4 OPEN - International Championship of Slovakia 2
[Site "Banska Stiavnica"]
[Date "2013.07.12"]
[Round "7"]
[Board "56"]
[White "Recky, Norbert"]
[Black "Giertli, Vladimir"]
[Result "0-1"]
[WhiteElo "1879"]
[BlackElo "2093"]
[PlyCount "68"]
[EventDate "2013.07.06"]
[EventRounds "9"]
[EventCountry "SVK"]

1. e4 c5 2. Nf3 d6 3. d4 cxd4 4. Nxd4 Nf6 5. Nc3 e6 6. Be2 Be7 7. O-O O-O 8.
Kh1 a6 9. f4 Qc7 10. Bf3 Nc6 11. Be3 Bd7 12. Qe1 Rac8 13. Qg3 b5 14. e5 Ne8 15.
Rad1 Nxd4 16. Bxd4 g6 17. Ne4 d5 18. Nf6+ Nxf6 19. exf6 Bd6 20. Be2 Rfe8 21. h4
e5 22. fxe5 Bxe5 23. Qg5 Qd6 24. Bh5 Bxd4 25. Rxd4 Re5 26. Qf4 Rce8 27. Bf3 Bc6
28. h5 a5 29. Qc1 h6 30. Bg4 Re4 31. Qd1 Qg3 32. Rxe4 dxe4 33. Be2 e3 34. Bf3
e2 0-1

[Event "V4 OPEN - International Championship of Slovakia 2
[Site "Banska Stiavnica"]
[Date "2013.07.12"]
[Round "7"]
[Board "57"]
[White "Malinovsky, Jozef"]
[Black "Edes, Zsofia"]
[Result "0-1"]
[WhiteElo "1846"]
[BlackElo "2059"]
[PlyCount "64"]
[EventDate "2013.07.06"]
[EventRounds "9"]
[EventCountry "SVK"]

1. e4 g6 2. d4 Bg7 3. Nf3 d6 4. Nc3 c6 5. Bd3 e5 6. dxe5 dxe5 7. Be3 Qe7 8. a3
a5 9. Na4 Nd7 10. c4 Ngf6 11. h3 O-O 12. O-O Ne8 13. Qd2 Nc7 14. b4 axb4 15.
axb4 f5 16. Qc2 fxe4 17. Bxe4 Qxb4 18. c5 Nf6 19. Ng5 Nxe4 20. Nxe4 Bf5 21. f3
Nd5 22. Bf2 Bxe4 23. fxe4 Nf6 24. Rfe1 Rfd8 25. Qa2+ Kh8 26. Reb1 Qxe4 27. Rxb7
Qd5 28. Qb1 Ne4 29. Be3 Bf8 30. Qc1 Nxc5 31. Nb6 Rxa1 32. Qxa1 Qd1+ 0-1

[Event "V4 OPEN - International Championship of Slovakia 2
[Site "Banska Stiavnica"]
[Date "2013.07.12"]
[Round "7"]
[Board "58"]
[White "Jandl, Vojtech"]
[Black "Sturc, Gustav"]
[Result "1/2-1/2"]
[WhiteElo "1837"]
[BlackElo "2047"]
[PlyCount "76"]
[EventDate "2013.07.06"]
[EventRounds "9"]
[EventCountry "SVK"]

1. e4 e5 2. Nf3 Nc6 3. Bc4 Bc5 4. c3 Nf6 5. d3 O-O 6. Nbd2 d5 7. exd5 Nxd5 8.
Ne4 Be7 9. O-O Bg4 10. h3 Bh5 11. Ng3 Bg6 12. Re1 Nf4 13. d4 Nh5 14. Nxe5 Nxe5
15. Rxe5 Nxg3 16. fxg3 Bd6 17. Re3 c5 18. d5 Qc7 19. Qf3 a6 20. Bd2 b5 21. Bf1
c4 22. Kh1 Rad8 23. Be1 Bc5 24. Re2 Rd6 25. Bd2 Rf6 26. Qg4 Bf5 27. Qh4 Qd7 28.
Bg5 Rg6 29. Be7 Bxe7 30. Qxe7 Qxd5 31. Rae1 Re6 32. Rxe6 Bxe6 33. Be2 g6 34.
Bf3 Qd2 35. Re2 Qd3 36. Kh2 Rd8 37. Rxe6 fxe6 38. Qxe6+ Kg7 1/2-1/2

[Event "V4 OPEN - International Championship of Slovakia 2
[Site "Banska Stiavnica"]
[Date "2013.07.12"]
[Round "7"]
[Board "59"]
[White "Jurcisin, Imrich"]
[Black "Pal, Csanad"]
[Result "1-0"]
[WhiteElo "2046"]
[BlackElo "1878"]
[PlyCount "93"]
[EventDate "2013.07.06"]
[EventRounds "9"]
[EventCountry "SVK"]

1. e4 e5 2. Nf3 Nc6 3. Bc4 Bc5 4. c3 Qe7 5. O-O d6 6. d4 Bb6 7. b4 Nf6 8. a4 a6
9. a5 Ba7 10. b5 axb5 11. Bxb5 Bd7 12. a6 b6 13. Qa4 Nb8 14. Ba3 c6 15. dxe5
cxb5 16. exf6 bxa4 17. fxe7 Kxe7 18. e5 Nxa6 19. Bxd6+ Ke8 20. c4 Rc8 21. Na3
Bb8 22. Nb5 Rxc4 23. Nfd4 Bxb5 24. Nxb5 Kd7 25. Bxb8 Rxb8 26. Nd6 Rb4 27. Nxf7
Ke6 28. Ng5+ Kxe5 29. Nxh7 Kf5 30. f4 Nc5 31. g3 Ne4 32. Rfb1 Rc4 33. Rb5+ Kg6
34. Ng5 Nc3 35. Re5 Rb7 36. Re6+ Kh5 37. Nf3 Rc5 38. h3 g6 39. Nh4 g5 40. Ng6
gxf4 41. Nxf4+ Kg5 42. Rf1 Rc4 43. Nd3 Re4 44. Ref6 Ne2+ 45. Kg2 Nd4 46. h4+
Kh5 47. Kh3 1-0

[Event "V4 OPEN - International Championship of Slovakia 2
[Site "Banska Stiavnica"]
[Date "2013.07.12"]
[Round "7"]
[Board "61"]
[White "Jedrocha, Katarzyna"]
[Black "Snider, Lukas"]
[Result "0-1"]
[WhiteElo "1676"]
[BlackElo "2004"]
[PlyCount "72"]
[EventDate "2013.07.06"]
[EventRounds "9"]
[EventCountry "SVK"]

1. e4 e5 2. Nf3 Nc6 3. d4 exd4 4. Nxd4 Nf6 5. Nc3 Bb4 6. Nxc6 bxc6 7. Bd3 d6 8.
Bg5 h6 9. Bh4 g5 10. Bg3 Ng4 11. O-O Qf6 12. Ne2 Bc5 13. c3 Bd7 14. Bc2 h5 15.
h3 h4 16. hxg4 hxg3 17. Nxg3 Rh4 18. e5 Qh6 19. Bf5 Bxf5 20. gxf5 O-O-O 21. Re1
Rh8 22. Kf1 Rf4 23. Qc2 Bxf2 24. Qxf2 Rxf2+ 25. Kxf2 dxe5 26. Rxe5 Qd6 27. Rae1
Qd2+ 28. Kg1 Qxb2 29. Ne4 Qxa2 30. Nc5 Rd8 31. Re8 Qc4 32. Rxd8+ Kxd8 33. Ne4
a5 34. Nxg5 Qc5+ 35. Kh1 Qxf5 36. Nf3 Qh5+ 0-1

[Event "V4 OPEN - International Championship of Slovakia 2
[Site "Banska Stiavnica"]
[Date "2013.07.12"]
[Round "7"]
[Board "62"]
[White "Novotny, Michal"]
[Black "Laho, Lukas"]
[Result "1/2-1/2"]
[WhiteElo "1984"]
[BlackElo "1835"]
[PlyCount "88"]
[EventDate "2013.07.06"]
[EventRounds "9"]
[EventCountry "SVK"]

1. e4 e6 2. d4 d5 3. Nc3 Bb4 4. e5 Ne7 5. Bd3 c5 6. Bb5+ Bd7 7. Bxd7+ Nxd7 8.
a3 Bxc3+ 9. bxc3 O-O 10. Nf3 Rc8 11. O-O Qc7 12. Bg5 Ng6 13. Rb1 Nb6 14. Ne1
cxd4 15. cxd4 Nc4 16. Rb3 b6 17. Qh5 h6 18. Rh3 Rfe8 19. Bxh6 gxh6 20. Qxh6
Ncxe5 21. dxe5 Qxe5 22. Nf3 Qg7 23. Qd2 Rc4 24. Rg3 Rec8 25. h4 Qh7 26. Qg5 Kf8
27. Qf6 Rf4 28. Ng5 Qxh4 29. Nxe6+ Ke8 30. Qg7 fxe6 31. Rxg6 Qe7 32. Qh6 Rh4
33. Qe3 Kd7 34. Re1 Rch8 35. f3 Rh1+ 36. Kf2 Qh4+ 37. Rg3 Rxe1 38. Qxe1 Rg8 39.
Qe5 Rxg3 40. Qxg3 Qd4+ 41. Ke2 Qc4+ 42. Kd2 Qd4+ 43. Ke2 Qc4+ 44. Kd1 Qd4+
1/2-1/2

[Event "V4 OPEN - International Championship of Slovakia 2
[Site "Banska Stiavnica"]
[Date "2013.07.12"]
[Round "7"]
[Board "63"]
[White "Nemergut, Patrik"]
[Black "Nasuta, Andrzej"]
[Result "1-0"]
[WhiteElo "1976"]
[BlackElo "1818"]
[PlyCount "72"]
[EventDate "2013.07.06"]
[EventRounds "9"]
[EventCountry "SVK"]

1. e4 e5 2. d4 exd4 3. c3 d5 4. Qxd4 Nf6 5. Bg5 Nc6 6. Bb5 Be7 7. Bxf6 Bxf6 8.
Qxd5 Bd7 9. Nf3 O-O 10. O-O Qe7 11. Re1 g6 12. Qd2 Rad8 13. Qe2 a6 14. Ba4 b5
15. Bc2 Rfe8 16. a3 Bg4 17. Nbd2 Ne5 18. Rad1 Bg5 19. Nf1 Qf6 20. Rxd8 Rxd8 21.
Rd1 Nxf3+ 22. gxf3 Qxf3 23. Qxf3 Bxf3 24. Rxd8+ Bxd8 25. Nd2 Bg4 26. Nb3 Be7
27. Nd4 Bd7 28. Bb3 c5 29. Nf3 c4 30. Bc2 f6 31. Kf1 Bd6 32. Kg2 Bf4 33. b3
cxb3 34. Bxb3+ Kf8 35. c4 Be6 36. Nd4 Bxc4 1-0

[Event "V4 OPEN - International Championship of Slovakia 2
[Site "Banska Stiavnica"]
[Date "2013.07.12"]
[Round "7"]
[Board "64"]
[White "Weis, Dusan"]
[Black "Lovas, Miklos"]
[Result "0-1"]
[WhiteElo "1754"]
[BlackElo "1975"]
[PlyCount "78"]
[EventDate "2013.07.06"]
[EventRounds "9"]
[EventCountry "SVK"]

1. e4 d5 2. exd5 Qxd5 3. Nc3 Qa5 4. Bc4 Nf6 5. d4 c6 6. Bd2 Bf5 7. Nf3 e6 8.
Qc1 Nbd7 9. O-O Qc7 10. Bf4 Bd6 11. Bxd6 Qxd6 12. h3 h6 13. Qe3 Bxc2 14. Ne5
O-O 15. Rfe1 Rad8 16. Rac1 Bf5 17. Rcd1 Nd5 18. Bxd5 exd5 19. Ne2 f6 20. Nf3
Qb4 21. Ng3 Bg6 22. Nh4 Bf7 23. Ngf5 Rfe8 24. Ne7+ Kh7 25. Qd3+ Kh8 26. Nhf5
Nf8 27. Qg3 g6 28. Qh4 Nh7 29. Qxh6 gxf5 30. Re3 Rxe7 31. Rg3 Rg8 32. Rdd3 Qe1+
33. Kh2 Qxf2 34. Rdf3 Qxd4 35. Rxf5 Rxg3 36. Kxg3 Qe4 37. Rf4 Qe3+ 38. Kh2 Qe5
39. g3 Qg5 0-1

[Event "V4 OPEN - International Championship of Slovakia 2
[Site "Banska Stiavnica"]
[Date "2013.07.12"]
[Round "7"]
[Board "65"]
[White "Kral, Klaudia"]
[Black "Hipszki, Julius"]
[Result "1-0"]
[WhiteElo "1911"]
[BlackElo "1776"]
[PlyCount "53"]
[EventDate "2013.07.06"]
[EventRounds "9"]
[EventCountry "SVK"]

1. e4 e5 2. Nf3 Nc6 3. Bb5 a6 4. Ba4 Nf6 5. O-O d6 6. d4 exd4 7. Nxd4 Bd7 8.
Nxc6 bxc6 9. Qf3 c5 10. Bxd7+ Nxd7 11. c4 Be7 12. Nc3 O-O 13. b3 Bf6 14. Bb2
Bd4 15. Qe2 Re8 16. Rae1 Ne5 17. Kh1 Qh4 18. h3 Re6 19. f4 Ng4 20. Qf3 Rh6 21.
Nd1 Nf6 22. Bxd4 cxd4 23. e5 Re8 24. exf6 Qxe1 25. Rxe1 Rxe1+ 26. Kh2 gxf6 27.
Qg3+ 1-0

[Event "V4 OPEN - International Championship of Slovakia 2
[Site "Banska Stiavnica"]
[Date "2013.07.12"]
[Round "7"]
[Board "66"]
[White "Pasztor, Ladislav"]
[Black "Bango, Lukas"]
[Result "1-0"]
[WhiteElo "1886"]
[BlackElo "1757"]
[PlyCount "63"]
[EventDate "2013.07.06"]
[EventRounds "9"]
[EventCountry "SVK"]

1. e4 d6 2. d4 Nf6 3. Nc3 g6 4. Be2 Bg7 5. Be3 c6 6. Qd2 b5 7. f3 Nbd7 8. Nh3
e5 9. dxe5 dxe5 10. Nf2 O-O 11. Bh6 Qa5 12. Bxg7 Kxg7 13. O-O Bb7 14. a3 Rad8
15. Qe3 Rfe8 16. Rad1 Qc7 17. Rd2 Nf8 18. Rfd1 Ne6 19. Rxd8 Rxd8 20. Rxd8 Qxd8
21. Qxa7 Bc8 22. Qe3 Nd4 23. Bd3 h6 24. Ne2 c5 25. Nxd4 exd4 26. Qd2 c4 27. Bf1
Qb6 28. b3 Be6 29. Qb4 Qc6 30. a4 bxa4 31. Qxa4 cxb3 32. Qxc6 1-0

[Event "V4 OPEN - International Championship of Slovakia 2
[Site "Banska Stiavnica"]
[Date "2013.07.12"]
[Round "7"]
[Board "67"]
[White "Volna, Lukas"]
[Black "Ondras, Juraj"]
[Result "1/2-1/2"]
[WhiteElo "1809"]
[BlackElo "2016"]
[PlyCount "97"]
[EventDate "2013.07.06"]
[EventRounds "9"]
[EventCountry "SVK"]

1. e4 c5 2. Nf3 d6 3. d4 cxd4 4. Nxd4 Nf6 5. Nc3 Nc6 6. Be2 e6 7. Be3 a6 8. a4
Be7 9. O-O O-O 10. f4 Qc7 11. Kh1 Re8 12. Nb3 b6 13. g4 Bb7 14. Bf3 Bf8 15. Rf2
Rac8 16. h4 Nd7 17. Qg1 Nb4 18. Rd2 Nc5 19. g5 g6 20. Nxc5 dxc5 21. h5 Rcd8 22.
Rad1 Rxd2 23. Rxd2 Rd8 24. Rh2 e5 25. hxg6 fxg6 26. Qg4 exf4 27. Qe6+ Qf7 28.
Qxf7+ Kxf7 29. Rxh7+ Bg7 30. Bxf4 Rh8 31. Rxh8 Bxh8 32. Nd5 Nxc2 33. Nxb6 Ne1
34. Nc4 Nxf3 35. Nd6+ Ke6 36. Nxb7 c4 37. Na5 Bxb2 38. Nxc4 Be5 39. Be3 Ne1 40.
Kg1 Nd3 41. Kg2 Bc7 42. Kf3 Nb4 43. Ke2 Nc6 44. Kd3 Bd8 45. Bf4 Be7 46. Ne3
Ne5+ 47. Ke2 Nf7 48. Nd5 Bxg5 49. Bxg5 1/2-1/2

[Event "V4 OPEN - International Championship of Slovakia 2
[Site "Banska Stiavnica"]
[Date "2013.07.12"]
[Round "7"]
[Board "68"]
[White "Gonda, Jozef"]
[Black "Stanko, Ivan"]
[Result "1/2-1/2"]
[WhiteElo "1808"]
[BlackElo "1949"]
[PlyCount "106"]
[EventDate "2013.07.06"]
[EventRounds "9"]
[EventCountry "SVK"]

1. d4 Nf6 2. Nf3 e6 3. Bf4 b6 4. e3 Bb7 5. Nbd2 Be7 6. h3 O-O 7. Bd3 d6 8. O-O
Nbd7 9. c3 Re8 10. Bc2 c5 11. Re1 Qc7 12. Rc1 Red8 13. Bb1 Rac8 14. a3 Nf8 15.
Qe2 Ng6 16. Bxg6 hxg6 17. e4 Qd7 18. e5 Nh7 19. Ne4 Bxe4 20. Qxe4 d5 21. Qe2
Rc7 22. Rcd1 Rdc8 23. g4 Qd8 24. Kg2 Ng5 25. Nxg5 Bxg5 26. Bxg5 Qxg5 27. Qe3
Qh4 28. f4 cxd4 29. Rxd4 Rc4 30. Red1 Qe7 31. R4d3 Re4 32. Qf2 g5 33. Rd4 Rxf4
34. Rxf4 gxf4 35. Qxf4 Rc4 36. Rd4 b5 37. Qe3 Rc7 38. g5 Rc4 39. h4 g6 40. Kf3
Rc7 41. Kg4 Qe8 42. Qf4 Kh7 43. Qh2 Qh8 44. Qe2 a6 45. Kf4 Kg7 46. Kg3 Rc4 47.
Qf3 Rc7 48. Qf6+ Kh7 49. Qf4 Kg8 50. Qe3 Qh5 51. Qf3 Qh8 52. Qe2 Kh7 53. Qe3
Kg8 1/2-1/2

[Event "V4 OPEN - International Championship of Slovakia 2
[Site "Banska Stiavnica"]
[Date "2013.07.12"]
[Round "7"]
[Board "69"]
[White "Durica, Adam"]
[Black "Urbanic, Martin"]
[Result "0-1"]
[WhiteElo "1450"]
[BlackElo "1912"]
[PlyCount "90"]
[EventDate "2013.07.06"]
[EventRounds "9"]
[EventCountry "SVK"]

1. e4 e5 2. Nf3 Nc6 3. Bc4 Nf6 4. Nc3 Bc5 5. a3 d6 6. O-O Bg4 7. h3 Bh5 8. Be2
Bxf3 9. Bxf3 Nd4 10. d3 h6 11. Be3 c6 12. Na4 Nxf3+ 13. Qxf3 Bxe3 14. Qxe3 O-O
15. f4 exf4 16. Qxf4 Qa5 17. Nc3 Qb6+ 18. Qf2 Qxb2 19. Na4 Qe5 20. Rab1 b5 21.
Nb2 Qc3 22. a4 b4 23. Nc4 Nxe4 24. Qe3 d5 25. dxe4 Qxc4 26. exd5 cxd5 27. Qd2
a5 28. Rbd1 Rad8 29. Qf2 d4 30. Qf5 Qd5 31. Qd3 Rfe8 32. Rf5 Re5 33. Rf4 Qc5
34. Qb3 Rd7 35. Kh1 Re3 36. Qa2 Qe5 37. Rff1 Qe4 38. Kh2 Re2 39. Rg1 Qxc2 40.
Qa1 d3 41. Rc1 Qa2 42. Rc8+ Kh7 43. Qf1 Qe6 44. Qb1 Rd5 45. Rb8 Qe5+ 0-1

[Event "V4 OPEN - International Championship of Slovakia 2
[Site "Banska Stiavnica"]
[Date "2013.07.12"]
[Round "7"]
[Board "70"]
[White "Medvec, Miroslav"]
[Black "Vrtiakova, Anna"]
[Result "1-0"]
[WhiteElo "1905"]
[BlackElo "1805"]
[PlyCount "81"]
[EventDate "2013.07.06"]
[EventRounds "9"]
[EventCountry "SVK"]

1. e4 c5 2. Nf3 d6 3. d4 cxd4 4. Nxd4 Nf6 5. Nc3 a6 6. Bg5 e6 7. f4 Qc7 8. Qf3
Nc6 9. O-O-O Be7 10. g4 Bd7 11. f5 O-O-O 12. Rg1 h6 13. Be3 Ne5 14. Qe2 Rhe8
15. h4 exf5 16. gxf5 Bf8 17. Qd2 Kb8 18. Bd3 Ka8 19. Rge1 Bc6 20. Bf4 Qd7 21.
Kb1 Kb8 22. Bh2 Nfg4 23. Bg1 Nxd3 24. cxd3 Ne5 25. Qf2 Ng4 26. Qf4 Ne5 27. Nf3
Nxf3 28. Qxf3 g6 29. Qf2 b5 30. fxg6 fxg6 31. Rf1 Bg7 32. Qe3 Bxc3 33. bxc3 h5
34. Rf6 Qc7 35. Rdf1 d5 36. Qf2 Qb7 37. Qc5 Rc8 38. Rf7 Bd7 39. Qd6+ Rc7 40.
Rxd7 Rec8 41. Bb6 1-0

[Event "V4 OPEN - International Championship of Slovakia 2
[Site "Banska Stiavnica"]
[Date "2013.07.12"]
[Round "7"]
[Board "71"]
[White "Durica, Andrej"]
[Black "Diviak, Rudolf"]
[Result "0-1"]
[WhiteElo "1854"]
[BlackElo "1799"]
[PlyCount "116"]
[EventDate "2013.07.06"]
[EventRounds "9"]
[EventCountry "SVK"]

1. e4 d6 2. d4 g6 3. Nc3 Bg7 4. f4 Nc6 5. Nf3 e5 6. dxe5 dxe5 7. Qxd8+ Kxd8 8.
Bc4 Nd4 9. Nxd4 exd4 10. Ne2 Be6 11. Bd3 c5 12. O-O c4 13. f5 cxd3 14. cxd3 Bd7
15. Bg5+ f6 16. Bh4 Bh6 17. Nxd4 Be3+ 18. Bf2 Bxf2+ 19. Rxf2 Ke7 20. Rc1 Rc8
21. Rxc8 Bxc8 22. Rc2 Kd7 23. Ne6 Ne7 24. Nc5+ Kd6 25. g4 b6 26. Nb3 Ba6 27.
Kf2 Rc8 28. Rd2 gxf5 29. gxf5 Nc6 30. Ke3 Ne5 31. Nd4 Rg8 32. b4 Rg1 33. b5 Bc8
34. Rc2 Bd7 35. Rc3 Re1+ 36. Kf2 Rb1 37. Ra3 h5 38. Rxa7 Nxd3+ 39. Ke3 Ne5 40.
a4 Re1+ 41. Kf4 Nd3+ 42. Kf3 Ra1 43. Nc2 Ra2 44. Ne3 Bxb5 45. Rb7 Ne5+ 46. Kg3
Rxa4 47. Rxb6+ Bc6 48. Nd5 Nd7 49. Rb4 Rxb4 50. Nxb4 Bxe4 51. Kh4 Bf3 52. Nd3
Ne5 53. Nf4 Nf7 54. Kg3 Bg4 55. h3 Bd1 56. Kf2 Ke5 57. Ng2 Nh6 58. Ne3 Bb3 0-1

[Event "V4 OPEN - International Championship of Slovakia 2
[Site "Banska Stiavnica"]
[Date "2013.07.12"]
[Round "7"]
[Board "72"]
[White "Adamciak, Tomas"]
[Black "Feldvabl, Vilem"]
[Result "1-0"]
[WhiteElo "1853"]
[BlackElo "1794"]
[PlyCount "49"]
[EventDate "2013.07.06"]
[EventRounds "9"]
[EventCountry "SVK"]

1. e4 e5 2. Nc3 Nc6 3. Bc4 Nf6 4. d3 h6 5. f4 Bb4 6. Nf3 d6 7. O-O Bg4 8. Ne2
Qe7 9. Bb5 exf4 10. Nxf4 O-O 11. Bxc6 bxc6 12. h3 Bd7 13. Kh1 Nh7 14. c3 Ba5
15. h4 Bg4 16. Qe1 Bxf3 17. Rxf3 Qd7 18. Qg3 Kh8 19. Nh5 f6 20. Rf5 Bb6 21. Nf4
Rf7 22. Ng6+ Kg8 23. Bf4 Nf8 24. Bxh6 gxh6 25. Ne7+ 1-0

[Event "V4 OPEN - International Championship of Slovakia 2
[Site "Banska Stiavnica"]
[Date "2013.07.12"]
[Round "7"]
[Board "73"]
[White "Simo, Marian"]
[Black "Kahancova, Jana"]
[Result "1-0"]
[WhiteElo "1844"]
[BlackElo "1636"]
[PlyCount "37"]
[EventDate "2013.07.06"]
[EventRounds "9"]
[EventCountry "SVK"]

1. e4 e5 2. Nc3 Nc6 3. Bc4 Nf6 4. d3 Bc5 5. h3 h6 6. Nge2 d6 7. Na4 Bb6 8. c3
Na5 9. Nxb6 axb6 10. Bb5+ c6 11. Ba4 b5 12. Bc2 b6 13. O-O O-O 14. f4 Re8 15.
Qe1 Nd7 16. Qg3 Re6 17. b4 Nb7 18. Bb3 Rg6 19. Qxg6 1-0